000 00381nam a2200157Ia 4500
008 221030s9999 xx 000 0 und d
020 _a812031641X
041 _aEnglish
082 _a105.23
_bLeb
100 _aI. Lebow
245 0 _aUnderstanding Digital Transmisson & Recording
_cby I. Lebow
260 _bPHI
_aNew Delhi
_c2000
300 _a230
650 _aECE
942 _cBK
999 _c7718
_d7718